000
00295nam a2200097Ia 4500
082
_a
967.62043092 WRON
245
0
_a
It's our turn to eat : the story of a Kenyan whistleblower
100
_a
WRONG, Michela London, 2009
_9
76372
942
_c
BK
008
210817s9999 xx 000 0 und d
999
_c
253897
_d
253896